000 01720nam a2200409 a 4500
001 ebr10576335
003 CaPaEBR
006 m u
007 cr cn|||||||||
008 120322s2012 dcua sb 000 0 eng d
010 _z 2012011905
020 _z9780821395479
020 _z9780821395486 (e-book)
040 _aCaPaEBR
_cCaPaEBR
035 _a(OCoLC)802054261
050 1 4 _aHV713
_b.C3964 2012eb
082 0 4 _a362.7
_223
245 0 0 _aChildren and youth in crisis
_h[electronic resource] :
_bprotecting and promoting human development in times of economic shocks /
_cMattias Lundberg and Alice Wuermli.
260 _aWashington D.C. :
_bWorld Bank,
_c2012.
300 _axxi, 292 p. :
_bill.
490 1 _aDirections in development
504 _aIncludes bibliographical references.
505 0 _apt. 1. Introduction and framing -- pt. 2. The empirical evidence of the impact of economic crises on children and youth -- pt. 3. Policy.
533 _aElectronic reproduction.
_bPalo Alto, Calif. :
_cebrary,
_d2011.
_nAvailable via World Wide Web.
_nAccess may be limited to ebrary affiliated libraries.
650 0 _aChild welfare
_xEconomic aspects.
650 0 _aChildren
_xSocial conditions.
650 0 _aYouth
_xSocial conditions.
650 0 _aFinancial crises
_xSocial aspects.
650 0 _aBusiness cycles
_xSocial aspects.
655 7 _aElectronic books.
_2local
700 1 _aLundberg, Mattias.
700 1 _aWeurmli, Alice.
710 2 _aWorld Bank.
710 2 _aebrary, Inc.
830 0 _aDirections in development (Washington, D.C.)
856 4 0 _uhttp://site.ebrary.com/lib/rucke/Doc?id=10576335
_zAn electronic book accessible through the World Wide Web; click to view
999 _c87948
_d87948